000 00598nam a2200241Ia 4500
003 OSt
005 20221005115506.0
006 a|||||r|||| 00| 0
007 ta
008 221004b |||||||| |||| 00| 0 urd d
024 _a8378
037 _cTextual
040 _aCRL
_cCRL
_burd
041 _2urd
_aurd
082 _aO168,6N43,1, N74
100 _aMehdi Pervezullah
_9627618
245 0 _aChear Chaar
260 _c1974
300 _a144p.
_ccm.
650 _aURDU LITERATURE
942 _hO168,6N43,1, N74
_cTEXL
_2cc
999 _c1034994
_d1034994